Así pensaba Israel: creación, paraíso y pecado original, según Génesis I-3
Gorde:
| Egile nagusia: | |
|---|---|
| Formatua: | Liburua |
| Hizkuntza: | gaztelania |
| Argitaratua: |
Madrid
Guadarrama
1960
|
| Edizioa: | 3a. ed |
| Saila: | Guadarrama de Crítica y Ensayo, 30
|
| Gaiak: | |
| Etiketak: |
Etiketa erantsi
Etiketarik gabe, Izan zaitez lehena erregistro honi etiketa jartzen!
|
MARC
| LEADER | 00000nam a2200000 a 4500 | ||
|---|---|---|---|
| 001 | UCY4853 | ||
| 003 | CL-VaPUC | ||
| 008 | 950403e19600000SP |||||||||||||||||spa|d | ||
| 082 | 0 | 4 | |a 222.11 |b REN |2 21 |
| 100 | 0 | |a Renckens, H |e author |9 333370 | |
| 245 | 1 | 0 | |a Así pensaba Israel: creación, paraíso y pecado original, según Génesis I-3 |
| 250 | |a 3a. ed | ||
| 300 | |a 374 p | ||
| 942 | |c BK | ||
| 945 | |d 19950403 00:00:00 |a aalvarez | ||
| 260 | |a Madrid |b Guadarrama |c 1960 | ||
| 650 | 0 | |a Biblia |9 257603 | |
| 650 | 0 | |a Antiguo testamento |9 313678 | |
| 650 | 0 | |a Pentateuco |9 314343 | |
| 650 | 7 | |a GENESIS 1-3 |2 CL-VaPUC |9 333371 | |
| 650 | 7 | |a COMENTARIO |2 CL-VaPUC |9 320684 | |
| 650 | 0 | |a Creación |9 313344 | |
| 650 | 7 | |a PARAISO |2 CL-VaPUC |9 333372 | |
| 650 | 0 | |a Pecado original |9 266246 | |
| 583 | |a last modification |c 19950403 00:00:00 |k Rodrigo Vera | ||
| 490 | 0 | |a Guadarrama de Crítica y Ensayo, 30 | |
| 999 | |c 232608 |d 232606 | ||
| 952 | |0 0 |1 0 |4 0 |6 222_110000000000000_REN_1960 |7 0 |8 A |9 237337 |a BIBTEO |b BIBTEO |d 2019-11-15 |i 3072681 |o 222.11 REN 1960 |p 3072681 |r 2025-01-17 |w 2019-11-15 |y BK |k ICR | ||
| 952 | |0 0 |1 0 |4 0 |6 222_110000000000000_REN_1960 |7 0 |8 A |9 237338 |a BIBTEO |b BIBTEO |d 2019-11-15 |i 3386600 |o 222.11 REN 1960 |p 3386600 |r 2025-01-17 |w 2019-11-15 |y BK |k ICR | ||